Online katalóg knižníc regiónu Turca

Ja už budem prváčik (Record no. 21059)

MARC details
000 -LEADER
fixed length control field 01727cam a2200493 a 4500
001 - CONTROL NUMBER
control field 21059
003 - CONTROL NUMBER IDENTIFIER
control field VRT
005 - DATE AND TIME OF LATEST TRANSACTION
control field 20260211122922.0
008 - FIXED-LENGTH DATA ELEMENTS--GENERAL INFORMATION
fixed length control field 240318s2014 xo a b 000 p slo
015 ## - NATIONAL BIBLIOGRAPHY NUMBER
National bibliography number SNBA2015/04
020 ## - INTERNATIONAL STANDARD BOOK NUMBER
International Standard Book Number 9788081540776
Qualifying information (viaz.)
035 ## - SYSTEM CONTROL NUMBER
System control number 668D42EC-4A0C-48EF-9288-DE410B80DEA5
035 ## - SYSTEM CONTROL NUMBER
System control number urn:nbn:sk:snk-amjopc
035 ## - SYSTEM CONTROL NUMBER
System control number urn:nbn:sk:snk-am003oq5
039 #9 - LEVEL OF BIBLIOGRAPHIC CONTROL AND CODING DETAIL [OBSOLETE]
Level of rules in bibliographic description 202403181525
Level of effort used to assign nonsubject heading access points VLOAD
Level of effort used to assign subject headings 201905031211
Level of effort used to assign classification AUTHORITY
Level of effort used to assign subject headings 201905031210
Level of effort used to assign classification AUTHORITY
Level of effort used to assign subject headings 201810101346
Level of effort used to assign classification AUTHORITY
040 ## - CATALOGING SOURCE
Original cataloging agency PPPK
Language of cataloging slo
Transcribing agency PPPK
Modifying agency SVKBB
-- SNK
Description conventions AACR2
041 0# - LANGUAGE CODE
Language code of text/sound track or separate title slo
044 ## - COUNTRY OF PUBLISHING/PRODUCING ENTITY CODE
MARC country code xo
ISO country code SK
072 #7 - SUBJECT CATEGORY CODE
Subject category code 821.162.4-1
Subject category code subdivision Slovenská poézia
Source konspekt
072 #7 - SUBJECT CATEGORY CODE
Subject category code 821-93
Subject category code subdivision Literatúra pre deti a mládež (beletria)
Source konspekt
080 ## - UNIVERSAL DECIMAL CLASSIFICATION NUMBER
Universal Decimal Classification number 821.162.4-1
Edition identifier 2001
080 ## - UNIVERSAL DECIMAL CLASSIFICATION NUMBER
Universal Decimal Classification number 821-93
Edition identifier 2001
100 1# - MAIN ENTRY--PERSONAL NAME
Personal name Horecký, Michal,
Dates associated with a name 1949-2018
Relationship aut
245 10 - TITLE STATEMENT
Title Ja už budem prváčik
Statement of responsibility, etc. Michal Horecký ; ilustrácie: Bruno Horecký
260 ## - PUBLICATION, DISTRIBUTION, ETC.
Place of publication, distribution, etc. Žilina
Name of publisher, distributor, etc. Georg
Date of publication, distribution, etc. [2014]
300 ## - PHYSICAL DESCRIPTION
Extent [52] s.
Other physical details fareb. ilustr.
Dimensions 24 cm
655 #7 - INDEX TERM--GENRE/FORM
Genre/form data or focus term slovenská poézia
Source of term SNKPH
655 #7 - INDEX TERM--GENRE/FORM
Genre/form data or focus term publikácie pre deti
Source of term SNKPH
655 #7 - INDEX TERM--GENRE/FORM
Genre/form data or focus term Slovak poetry
Source of term SNKPHeng
655 #7 - INDEX TERM--GENRE/FORM
Genre/form data or focus term Children's literature
Source of term SNKPHeng
700 1# - ADDED ENTRY--PERSONAL NAME
Personal name Horecký, Bruno,
Dates associated with a name 1966-
Relationship ill
910 ## - USER-OPTION DATA (OCLC)
User-option data pppk
910 ## - USER-OPTION DATA (OCLC)
User-option data pokpoh
910 ## - USER-OPTION DATA (OCLC)
User-option data ttkjf
910 ## - USER-OPTION DATA (OCLC)
User-option data svkbb
910 ## - USER-OPTION DATA (OCLC)
User-option data skpk
942 ## - ADDED ENTRY ELEMENTS (KOHA)
Source of classification or shelving scheme Dewey Decimal Classification
Koha item type Krásna literatúra pre deti
Suppress in OPAC No
949 ## - LOCAL PROCESSING INFORMATION (OCLC)
6 270001000455931
a svkbbB 52299
b svkbbm 748004
949 ## - LOCAL PROCESSING INFORMATION (OCLC)
a snklmDK 6930 SNKLM
b snklm2014/103
949 ## - LOCAL PROCESSING INFORMATION (OCLC)
6 17A1139802
a snkSC 163530
b snk2015/7975
o 593/15
s 6100:20140925
949 ## - LOCAL PROCESSING INFORMATION (OCLC)
6 17A1139801
a snkSC 163530 D1
b snk2015/7976
o 593/15
949 ## - LOCAL PROCESSING INFORMATION (OCLC)
6 2889301525
a savukPV 20618
b savuk2015/1621
Holdings
Stav vyradenia Strata Poškodenie Spôsob nadobudnutia Domovská knižnica Aktuálna knižnica Dátum nadobudnutia Total checkouts Čiarový kód exemplára Date last seen Typ exemplára
      Dar Mestská knižnica Turany Mestská knižnica Turany 11.02.2026   4712401293 11.02.2026 Krásna literatúra pre deti
Projekt je podporený Slovenskou asociáciou knižníc
Prevádzkuje Turčianska knižnica Martin 2026